Responses for show #1796 - Monday, May 25, 1992

Contestants

[<< previous game]

Brian Haase, a marketing manager from Houston, Texas

Geoff Coleman, an architect from Oxford, Pennsylvania

Stephanie Perry, an office manager from Margate, New Jersey

Jeopardy! Round responses

SCOTLAND
RANCHES
SONG LYRICS
"HYDRO" SCIENCE
APPROXIMATE WEIGHTS & MEASURES
ANONYMOUS QUOTES
    $100 14
Edinburgh

Brian
    $100 2
Roy Rogers

Geoff
    $100 12
Miss America

Geoff
    $100 3
hydrophobia

Brian
    $100 25
wee

Geoff
    $100 1
(Geoff: Uh, what is Long live the king, uh, I'm sorry, [*]?)

The king is dead; long live the king

Geoff
    $200 15
argyle

Stephanie
    $200 10
dude ranches

Geoff
    $200 13
a carpenter

Geoff
    $200 4
a hydrofoil

Brian
    $200 24
a load

Stephanie
    $200 8
(Brian: What is, uh, work?)

woman's work

GeoffBrian
    $300 16
the Hebrides

Brian
    $300 11
George Lucas

Geoff
    $300 21
a lovely daughter

Brian
    $300 5
hydroelectric

Brian
    $300 28
[The end-of-round signal sounds.]

a mound

Stephanie
    $300 9
weeds

Geoff
    $400 17
Presbyterian

Geoff
    $400 19
the King Ranch

Geoff
    $400 22
(Alex: We have a minute to go in the round.)

the end of the world

Stephanie
    $400 6
hydrochloric acid

Geoff
    $400 26
Don't tread on me

Brian
    $1,000 18
the Clydesdale

Geoff
    $500 20
the Grand Canyon

Stephanie
    $500 23
the first day of spring

Geoff
    $500 7
(Brian: What are [*]?) [Brian's response with the 2 elements was ruled incorrect and the decision was reversed after the break.]

hydrocarbon (carbon & hydrogen)

GeoffBrian
    $500 27
things that go bump in the night

Stephanie

Scores at the first commercial break (after clue 13):

Stephanie Geoff Brian
$0 $2,400 $900

Scores at the end of the Jeopardy! Round:

Stephanie Geoff Brian
$2,100 $4,800 $2,000

Double Jeopardy! Round responses

FIRST LADY FIRSTS
SHORT STORIES
COUNTRIES OF THE WORLD
20th CENTURY PERSONALITIES
THE BIBLE
MEDIEVAL HISTORY
    $200 1
"The Purloined Letter"

Geoff
    $200 20
Canada

Brian
    $200 11
Martin Luther King

Geoff
    $200 12
manna

Geoff
    $200 2
King John

Brian
    $400 7
O. Henry

Geoff
    $400 21
the Philippines

Geoff
    $400 17
C. Everett Koop

Geoff
    $400 13
deliver us from evil

Geoff
    $400 3
the unicorn

Brian
    $600 26
Florence Harding

Triple Stumper
    $600 8
"Rappaccini's Daughter"

Brian
    $600 22
Portugal

Geoff
    $600 18
Anastasio Somoza

Brian
    $600 14
thy neighbor

Brian
    $600 4
Assisi

Stephanie
    $3,000 27
(Brian: Who is... uh, Betty Ford?)

Mrs. (Martha) Washington

Brian
    $800 9
(John) Galsworthy

Geoff
    $800 23
the Netherlands

Brian
    $800 19
Dorothy Kilgallen

Geoff
    $2,500 15
(Brian: What is Leviticus?)

Joshua

Brian
    $800 5
Barbarossa

Geoff
    $1000 28
[The end-of-round signal sounds.]

Abigail Adams

Brian
    $1000 10
(Brian: Uh, what is Rip Van Winkle?)
(Stephanie: What is the Headless Horseman?)

Brom Bones

StephanieGeoffBrian
    $1000 24
Bhutan

Stephanie
    $1000 25
(Alex: We have a minute left.)

Stansfield Turner

Brian
    $1000 16
Deborah

Stephanie
    $1000 6
the troubadours

Brian

Scores at the end of the Double Jeopardy! Round:

Stephanie Geoff Brian
$3,700 $11,000 $1,900
(lock game)

[wagering suggestions for these scores]

Final Jeopardy! Round responses

THE 1991 EMMYS
BrianWhat is Murphy Brown?
$1,900
StephanieWhat is Murphy Brown?
$300
GeoffWhat is Murphy Brown
$1,500
Cheers

Final scores:

Stephanie Geoff Brian
$3,400 $9,500 $0
2nd place: trip to Seoul, Korea & stay at both Seoul Plaza then Kal Hotel New champion: $9,500 3rd place: Iris Arc Crystal The Rainbow Enchanted Castle + NES with Super Jeopardy! & Wheel of Fortune + InfoGenius for Game Boy

Game dynamics:

Coryat scores:

Stephanie Geoff Brian
$3,700 $10,500 $7,400
9 R,
1 W
27 R
(including 1 DD),
0 W
18 R,
4 W
(including 2 DDs)

Combined Coryat: $21,600

The J! Archive is created by fans, for fans. The Jeopardy! game show and all elements thereof, including but not limited to copyright and trademark thereto, are the property of Jeopardy Productions, Inc. and are protected under law. This website is not affiliated with, sponsored by, or operated by Jeopardy Productions, Inc. Join the discussion at JBoard.tv.